[Event "SR 4. liga A21 2012/2013"]
[Site "?"]
[Date "2012.11.11"]
[Round "3.4"]
[White "Vepy, Ivan"]
[Black "Krchnak, Rudolf"]
[Result "1-0"]
[WhiteElo "1921"]
[BlackElo "1857"]
[PlyCount "87"]
[EventDate "2012.??.??"]

1. e4 d6 2. d4 Nf6 3. Nc3 c6 4. Nf3 Bg4 5. Be2 Nbd7 6. O-O e5 7. Be3 Be7 8. Qd2
O-O 9. Rad1 a6 10. h3 Bh5 11. Qe1 b5 12. a3 Qc7 13. Nh2 Bxe2 14. Qxe2 a5 15.
Bc1 b4 16. Nb1 Rfe8 17. Nf3 c5 18. dxe5 Nxe5 19. Nxe5 dxe5 20. b3 a4 21. Qc4
Qb7 22. f3 axb3 23. cxb3 Red8 24. Bb2 Nd7 25. a4 Qa6 26. Qxa6 Rxa6 27. Rd3 Kf8
28. Rfd1 Ke8 29. Nd2 f6 30. Nc4 Nb8 31. Rxd8+ Bxd8 32. Nd6+ Kf8 33. Kf1 Nc6 34.
Nc4 Nd4 35. Bxd4 cxd4 36. Ke2 Ke7 37. Kd3 Ke6 38. Rd2 g6 39. g4 f5 40. f4 fxe4+
41. Kxe4 Bc7 42. fxe5 Bxe5 43. Nxe5 Ra5 44. Nd3 1-0

[Event "SR 4. liga A21 2012/2013"]
[Site "?"]
[Date "2012.11.11"]
[Round "3.5"]
[White "Bango, Lukas"]
[Black "Krc, Miroslav"]
[Result "1-0"]
[WhiteElo "1722"]
[BlackElo "1481"]
[PlyCount "143"]
[EventDate "2012.??.??"]

1. Nf3 c6 2. c4 d5 3. d4 Nf6 4. Nc3 e6 5. Bg5 Be7 6. e3 Nbd7 7. Rc1 dxc4 8.
Bxc4 O-O 9. O-O Nd5 10. Bxe7 Qxe7 11. a3 b6 12. Qc2 Bb7 13. Rfe1 Rfc8 14. Qd2
c5 15. Ba2 Nxc3 16. Rxc3 Bxf3 17. gxf3 cxd4 18. Qxd4 Rxc3 19. Qxc3 Qc5 20. Qd2
Nf6 21. Kh1 g6 22. Rc1 Qe7 23. Qc3 Rd8 24. Bb3 Kg7 25. Kg2 Kg8 26. Ba4 Nd5 27.
Qe5 Qf6 28. Qxf6 Nxf6 29. Rc7 Rd2 30. Rxa7 Rxb2 31. Bc6 Nd5 32. Kg3 Rc2 33. Bb5
Rc7 34. Ra8+ Kg7 35. Rb8 Ra7 36. a4 Nc3 37. Rxb6 Nxa4 38. Rc6 Nb2 39. Rc2 Nd1
40. Be2 Ra1 41. f4 Rb1 42. Kf3 Nb2 43. Bb5 h5 44. Ke2 Kf6 45. h3 g5 46. fxg5+
Kxg5 47. Kf3 f5 48. Kg2 e5 49. Rc5 Kf6 50. Be2 h4 51. Rb5 e4 52. Bc4 Rc1 53.
Rb6+ Kg5 54. Bf7 f4 55. exf4+ Kxf4 56. Rxb2 Rc3 57. Rb4 Ke5 58. Rb6 e3 59. Re6+
Kf4 60. Rf6+ Kg5 61. Rg6+ Kf5 62. fxe3 Rxe3 63. Rh6 Kg5 64. Rh5+ Kf6 65. Bd5
Re5 66. Rh6+ Kg5 67. Rd6 Re2+ 68. Kg1 Rd2 69. Rd8 Rd1+ 70. Kf2 Kf6 71. Rf8+ Ke7
72. Rf7+ {èas} 1-0

[Event "SR 4. liga A21 2012/2013"]
[Site "?"]
[Date "2012.11.11"]
[Round "3.5"]
[White "Drahos, Miroslav"]
[Black "Kavon, Rastislav"]
[Result "1-0"]
[WhiteElo "1652"]
[BlackElo "1943"]
[PlyCount "51"]
[EventDate "2012.??.??"]

1. e4 e5 2. Nf3 Nc6 3. Bb5 f5 4. Nc3 fxe4 5. Nxe4 Nf6 6. Nxf6+ gxf6 7. O-O Bg7
8. d4 O-O 9. dxe5 Nxe5 10. Bf4 d6 11. h3 Kh8 12. Re1 Rg8 13. Kh2 b6 14. Ba4 Bb7
15. Nd4 Qc8 16. Bb3 Bh6 17. Bxg8 Bxf4+ 18. g3 Qxg8 19. Qh5 Bd2 20. Re2 c5 21.
f4 Nc4 22. Re7 Bc8 23. Re8 Bb7 24. Rxg8+ Rxg8 25. Qf7 Bxf4 26. Qxf6+ 1-0

[Event "SR 4. liga A21 2012/2013"]
[Site "?"]
[Date "2012.11.11"]
[Round "3.5"]
[White "Fajnor, Dusan"]
[Black "Bango, Dominik"]
[Result "1/2-1/2"]
[WhiteElo "1000"]
[BlackElo "1340"]
[PlyCount "119"]
[EventDate "2012.??.??"]

1. e4 e5 2. Nf3 Nc6 3. Bc4 Bc5 4. b4 Bxb4 5. c3 Bc5 6. Ba3 Bxa3 7. Nxa3 d6 8.
Nc2 Nf6 9. Ng5 O-O 10. Qe2 h6 11. Nf3 Bg4 12. h3 Bh5 13. a3 Re8 14. O-O d5 15.
Bd3 dxe4 16. Bxe4 Nxe4 17. Qxe4 Bxf3 18. Qxf3 Qxd2 19. Nb4 Nxb4 20. cxb4 e4 21.
Qb3 e3 22. Rad1 exf2+ 23. Rxf2 Re1+ 24. Rf1 Qe3+ 25. Qxe3 Rxe3 26. Rd7 f6 27.
a4 a5 28. bxa5 Rxa5 29. Rxc7 Rxa4 30. Rxb7 Ra2 31. Kh2 Ree2 32. Rg1 f5 33. Kg3
Rf2 34. Rb4 Kf7 35. Rf4 Rxf4 36. Kxf4 Kf6 37. h4 g5+ 38. hxg5+ hxg5+ 39. Kg3
Ra3+ 40. Kf2 f4 41. Rb1 Kf5 42. Rb5+ Kg4 43. Rc5 Rg3 44. Rc4 Rb3 45. Rc5 Rb2+
46. Kg1 Kh4 47. Rc4 g4 48. Rxf4 Kg3 49. Rf1 Rxg2+ 50. Kh1 Rf2 51. Rb1 Kh3 52.
Kg1 Rc2 53. Rb3+ g3 54. Rb1 Rc3 55. Kh1 Re3 56. Rc1 Re2 57. Rb1 Kg4 58. Rb3 Kf4
59. Kg1 Re3 60. Rb1 1/2-1/2

[Event "SR 4. liga A21 2012/2013"]
[Site "?"]
[Date "2012.11.11"]
[Round "3.5"]
[White "Lackovic, Marek"]
[Black "Slobodnik, Michal"]
[Result "1/2-1/2"]
[WhiteElo "1552"]
[BlackElo "1785"]
[PlyCount "62"]
[EventDate "2012.??.??"]

1. e4 d6 2. d4 Nf6 3. Nc3 g6 4. Nf3 Bg7 5. Bc4 c6 6. O-O b5 7. Bd3 O-O 8. Re1
Na6 9. a3 Qb6 10. h3 Nc7 11. Be3 a6 12. Qd2 Nd7 13. Ne2 d5 14. e5 Ne6 15. c3 a5
16. b4 a4 17. Nf4 Nxf4 18. Bxf4 Qd8 19. Bh6 Nb6 20. Bxg7 Kxg7 21. Re2 Be6 22.
Ng5 Qd7 23. f4 h6 24. Nf3 Bf5 25. Kh2 Bxd3 26. Qxd3 Nc4 27. Nd2 Rh8 28. g4 Nxd2
29. Rxd2 h5 30. g5 Qf5 31. Rf1 e6 1/2-1/2

[Event "SR 4. liga A21 2012/2013"]
[Site "?"]
[Date "2012.11.11"]
[Round "3.5"]
[White "Lezovic, Martin"]
[Black "Dzurjaninova, Hana"]
[Result "0-1"]
[WhiteElo "1762"]
[BlackElo "1592"]
[PlyCount "144"]
[EventDate "2012.??.??"]

1. e4 e6 2. d4 d5 3. exd5 exd5 4. Bf4 Bf5 5. Bd3 Bxd3 6. Qxd3 c6 7. Nf3 Nf6 8.
O-O Be7 9. Re1 O-O 10. Nbd2 Nbd7 11. Ne5 Nh5 12. Bg3 Nxg3 13. hxg3 Nxe5 14.
Rxe5 Bf6 15. Re2 Qb6 16. Nb3 Qc7 17. c3 b6 18. Qf5 Rae8 19. Rae1 Qd8 20. Kf1
Rxe2 21. Rxe2 Re8 22. Qd3 Qd7 23. Nd2 Re6 24. Nf3 Qe8 25. Rxe6 Qxe6 26. Qe2 Kf8
27. Ne5 Bxe5 28. dxe5 Qh6 29. f4 Qg6 30. Kf2 Qf5 31. Kf3 h5 32. Ke3 c5 33. Qf3
Qg4 34. Qxd5 Qxg3+ 35. Ke2 Qg4+ 36. Ke1 Qc8 37. Kd2 g6 38. g3 Kg7 39. Qd6 Qb7
40. Qd3 Qg2+ 41. Kc1 Qf2 42. Kb1 h4 43. gxh4 Qxf4 44. e6 fxe6 45. Qd7+ Qf7 46.
Qd8 e5 47. b4 cxb4 48. cxb4 Qf5+ 49. Kb2 Qf2+ 50. Kb3 Qe3+ 51. Ka4 a6 52. Qe7+
Kh6 53. Qf6 Kh5 54. Qf7 Kxh4 55. Qxg6 Qd4 56. Qh6+ Kg4 57. Qg6+ Kf3 58. Qf5+
Ke3 59. Qh3+ Kd2 60. Qg2+ Kc3 61. Qf3+ Kd2 62. Qg2+ Kc1 63. Qc6+ Kb1 64. Qg6+
e4 65. Qe6 Qd1+ 66. Ka3 Qd3+ 67. Ka4 Qc2+ 68. Ka3 Qb2+ 69. Ka4 Qxa2+ 70. Qxa2+
Kxa2 71. b5 axb5+ 72. Kb4 Kb2 0-1

[Event "SR 4. liga A21 2012/2013"]
[Site "?"]
[Date "2012.11.11"]
[Round "3.6"]
[White "Celustkova, Lubica"]
[Black "Damborsky, Pavol"]
[Result "1/2-1/2"]
[WhiteElo "1611"]
[BlackElo "1794"]
[PlyCount "56"]
[EventDate "2012.??.??"]

1. e4 e5 2. Nf3 d6 3. d4 exd4 4. Nxd4 Nf6 5. Nc3 Be7 6. Bc4 a6 7. a4 h6 8. f4
O-O 9. O-O c5 10. Nf3 Bg4 11. Qe1 Bxf3 12. Rxf3 Nc6 13. Be3 Ng4 14. Bd5 Nxe3
15. Rxe3 Nb4 16. Qe2 Rb8 17. Rd1 Qb6 18. Kh1 Rbe8 19. b3 Nc6 20. Bxc6 Qxc6 21.
Nd5 Bd8 22. Qh5 Re6 23. f5 Re5 24. Rf1 Qe8 25. Qf3 Bg5 26. Re2 Qd8 27. Ref2
Rfe8 28. Re2 Bf6 1/2-1/2

[Event "SR 4. liga A21 2012/2013"]
[Site "?"]
[Date "2012.11.11"]
[Round "3.6"]
[White "Cerovsky, Marian"]
[Black "Klimes, Karel"]
[Result "1-0"]
[WhiteElo "1764"]
[BlackElo "1724"]
[PlyCount "39"]
[EventDate "2012.??.??"]

1. e4 e5 2. Nf3 d6 3. Bc4 Be7 4. Nc3 Nf6 5. d3 Bg4 6. h3 Bh5 7. g4 Bg6 8. Nh4
Nxe4 9. Nxg6 Nxc3 10. Qf3 fxg6 11. Qf7+ Kd7 12. Be6+ Kc6 13. bxc3 Rf8 14. Bd5+
Kb6 15. Be3+ c5 16. Qxg7 Nc6 17. Qxh7 Bg5 18. Rb1+ Ka5 19. Qxb7 a6 20. Qb3 1-0

[Event "SR 4. liga A21 2012/2013"]
[Site "?"]
[Date "2012.11.11"]
[Round "3.6"]
[White "Dubecky, Ladislav"]
[Black "Klimes, Juraj"]
[Result "1-0"]
[WhiteElo "1557"]
[BlackElo "1611"]
[PlyCount "43"]
[EventDate "2012.??.??"]

1. e4 d6 2. f4 Nf6 3. Nc3 e5 4. Nf3 exf4 5. d4 Be7 6. Bxf4 O-O 7. Bd3 Re8 8.
O-O Bg4 9. Qd2 Nh5 10. Be3 c5 11. Nd5 Nc6 12. Nxe7+ Qxe7 13. d5 Bxf3 14. Rxf3
c4 15. dxc6 cxd3 16. cxb7 Qxb7 17. cxd3 Rab8 18. b3 Qa6 19. Raf1 Rb7 20. Bd4
Re6 21. Qg5 Rbe7 22. Rxf7 1-0

[Event "SR 4. liga A21 2012/2013"]
[Site "?"]
[Date "2012.11.11"]
[Round "3.6"]
[White "Nemeckay, Rastislav"]
[Black "Kovarik, Oto"]
[Result "0-1"]
[WhiteElo "1980"]
[BlackElo "1979"]
[PlyCount "80"]
[EventDate "2012.??.??"]

1. e4 c5 2. Nf3 e6 3. g3 Nc6 4. Bg2 Be7 5. O-O d6 6. Qe2 Nf6 7. Rd1 O-O 8. c3
Qc7 9. d4 d5 10. e5 Ne4 11. Nbd2 Nxd2 12. Bxd2 b6 13. Bg5 Bb7 14. Bxe7 Qxe7 15.
a3 c4 16. Nh4 Na5 17. f4 g6 18. Qg4 Nb3 19. Rab1 a5 20. Nf3 h5 21. Qg5 Qxg5 22.
fxg5 b5 23. Nd2 Nxd2 24. Rxd2 b4 25. Kf2 Bc6 26. Ra1 bxc3 27. bxc3 Rfb8 28. Ke2
Rb3 29. Rc2 Rab8 30. Kd2 Ba4 31. Kc1 Kf8 32. h4 Ke7 33. Bf3 Kd7 34. Bd1 R3b5
35. Rf2 Bxd1 36. Kxd1 Kc7 37. Kc1 Rb3 38. Rc2 a4 39. Kd2 Rb1 40. Raa2 Rg1 0-1

[Event "SR 4. liga A21 2012/2013"]
[Site "?"]
[Date "2012.11.11"]
[Round "3.6"]
[White "Wallner, Juraj"]
[Black "Pisecky, Jan"]
[Result "1-0"]
[WhiteElo "1495"]
[BlackElo "1522"]
[PlyCount "59"]
[EventDate "2012.??.??"]

1. e4 e5 2. Nf3 d6 3. Bc4 h6 4. Nc3 c6 5. d4 exd4 6. Nxd4 Nf6 7. Qe2 a6 8. a4
Nbd7 9. f4 Nb6 10. Ba2 Bg4 11. Qf2 Qe7 12. O-O c5 13. Nf3 O-O-O 14. e5 Nfd7 15.
exd6 Qxd6 16. Bxf7 g6 17. Be3 Qc6 18. Ne5 Nxe5 19. fxe5 Nd7 20. Bd5 Qb6 21. Ne4
Nxe5 22. c4 Nd3 23. Qg3 h5 24. Bg5 Rxd5 25. cxd5 c4+ 26. Kh1 Bg7 27. Nd6+ Kb8
28. Nxc4+ Qc7 29. Qxd3 h4 30. Bf4 1-0

[Event "SR 4. liga A21 2012/2013"]
[Site "?"]
[Date "2012.11.25"]
[Round "4.1"]
[White "Cerovsky, Marian"]
[Black "Pripko, Bystrik"]
[Result "1-0"]
[WhiteElo "1764"]
[BlackElo "1815"]
[PlyCount "180"]
[EventDate "2012.??.??"]

1. e4 e5 2. Nf3 Nc6 3. Nc3 Bc5 4. Bc4 d6 5. h3 h6 6. a3 a6 7. d3 Nf6 8. Be3 Nd4
9. Bxd4 Bxd4 10. Nxd4 exd4 11. Ne2 c5 12. O-O O-O 13. Nf4 Kh8 14. Qf3 Qe7 15.
Kh1 Nd7 16. Ba2 Ne5 17. Qg3 Qf6 18. Nd5 Qg6 19. Qh2 Be6 20. f4 Bxd5 21. Bxd5
Nc6 22. f5 Qf6 23. g4 Rab8 24. h4 Qe5 25. Qh3 f6 26. g5 Ne7 27. Be6 Ng8 28. Rf2
b6 29. Rg1 Rb7 30. Qg4 fxg5 31. hxg5 hxg5 32. Qh5+ Nh6 33. Rxg5 Re7 34. Bd5 Rf6
35. Rfg2 Qf4 36. Rg1 Qe3 37. R5g3 Qf4 38. Qh2 Qe5 39. Qg2 Qf4 40. Rh3 Qe5 41.
Rf1 Kh7 42. Qg5 Rc7 43. Rf4 Qe7 44. Rfh4 Qf8 45. Qg3 Ra7 46. Rg4 a5 47. Rg6
Rxg6 48. Qxg6+ Kh8 49. Rh2 Rc7 50. Qe6 Kh7 51. Rg2 Qf6 52. Qxf6 gxf6 53. Rg6
Rd7 54. Rxf6 Ng4 55. Rf8 Ne3 56. Bb3 b5 57. Be6 Rb7 58. f6 Kg6 59. f7 Kf6 60.
Re8 Rxf7 61. Bxf7 Kxf7 62. Ra8 b4 63. Rxa5 Nxc2 64. axb4 Nxb4 65. Ra3 Ke6 66.
Kg2 Ke5 67. Kf3 Nc2 68. Ra8 Nb4 69. Re8+ Kf6 70. Ke2 Kf7 71. Rb8 Ke6 72. Kd2 d5
73. Rb5 dxe4 74. dxe4 Kd6 75. Rb8 Nc6 76. Rh8 c4 77. Rh5 Ne5 78. Kc2 Nd3 79.
Rd5+ Kc6 80. Rxd4 Ne5 81. Kc3 Nf3 82. Rxc4+ Kb5 83. Rc8 Ng5 84. e5 Ne6 85. Kd3
Kb6 86. Rc2 Kb5 87. Ke4 Ng5+ 88. Kf5 Nf3 89. e6 Nd4+ 90. Kf6 Nb3 1-0

[Event "SR 4. liga A21 2012/2013"]
[Site "?"]
[Date "2012.11.25"]
[Round "4.1"]
[White "Dubecky, Ladislav"]
[Black "Vagovic, Milan"]
[Result "0-1"]
[WhiteElo "1557"]
[BlackElo "1725"]
[PlyCount "44"]
[EventDate "2012.??.??"]

1. e4 e5 2. f4 exf4 3. Nf3 d5 4. exd5 Qxd5 5. Nc3 Qd8 6. Bc4 Be6 7. Bxe6 fxe6
8. O-O Bd6 9. d4 Nf6 10. Qe2 Qe7 11. Ne5 g5 12. Ne4 Nxe4 13. Qh5+ Kf8 14. Ng6+
hxg6 15. Qxh8+ Kf7 16. Qh7+ Kf6 17. Qh8+ Qg7 18. Qd8+ Kf5 19. h3 Qxd4+ 20. Kh2
f3+ 21. g3 Bxg3+ 22. Kh1 Qxd8 0-1

[Event "SR 4. liga A21 2012/2013"]
[Site "?"]
[Date "2012.11.25"]
[Round "4.1"]
[White "Kupkovic, Miroslav"]
[Black "Damborsky, Pavol"]
[Result "0-1"]
[WhiteElo "1799"]
[BlackElo "1794"]
[PlyCount "70"]
[EventDate "2012.??.??"]

1. d4 d5 2. c4 c6 3. c5 Nf6 4. Nc3 h6 5. e3 e6 6. Bd3 Be7 7. Nf3 Nbd7 8. O-O b6
9. cxb6 axb6 10. a3 O-O 11. Re1 Bb7 12. Bd2 Nh7 13. b4 f5 14. Qb3 Nhf6 15. Bc1
b5 16. Re2 Ne4 17. Ne1 Bd6 18. f4 Qe7 19. Bb2 Nb6 20. Bxe4 fxe4 21. Nc2 Rf5 22.
g4 Rf7 23. Rf1 Raf8 24. Rg2 g5 25. f5 exf5 26. gxf5 Rxf5 27. Rxf5 Rxf5 28. Ne2
Qf6 29. Ng3 Bxg3 30. hxg3 Rf1+ 31. Kh2 Qf3 32. g4 Bc8 33. Ne1 Rxe1 34. Qc2 Bxg4
35. Qf2 Qh3# 0-1

[Event "SR 4. liga A21 2012/2013"]
[Site "?"]
[Date "2012.11.25"]
[Round "4.1"]
[White "Piestansky, Jan"]
[Black "Pisecky, Jan"]
[Result "1-0"]
[WhiteElo "1588"]
[BlackElo "1522"]
[PlyCount "97"]
[EventDate "2012.??.??"]

1. e4 b6 2. Bc4 e6 3. Nf3 Bb7 4. d3 d5 5. exd5 Bxd5 6. Bxd5 Qxd5 7. Be3 Nd7 8.
Nc3 Bb4 9. Bd2 Bxc3 10. Bxc3 Ngf6 11. h3 O-O 12. O-O c5 13. Re1 Rad8 14. b3
Rfe8 15. Ne5 Qd6 16. Nxd7 Nxd7 17. Qg4 e5 18. Qg3 f6 19. a4 a5 20. Rad1 Qc6 21.
Bb2 Re6 22. Re2 Rde8 23. Rde1 Nf8 24. Bc1 Ng6 25. Qg4 R8e7 26. h4 Qe8 27. g3
Qf7 28. h5 f5 29. hxg6 Rxg6 30. Qc4 Rge6 31. Qd5 Rd7 32. Qf3 Rde7 33. Kg2 h6
34. Rh1 f4 35. gxf4 exf4 36. Rxe6 Rxe6 37. Rh4 g5 38. Rh1 Qf5 39. Bd2 Kh7 40.
Re1 g4 41. Qb7+ Kg6 42. Rxe6+ Qxe6 43. Qe4+ Qxe4+ 44. dxe4 f3+ 45. Kg3 h5 46.
Bf4 Kf6 47. Kh4 c4 48. Kxh5 b5 49. axb5 1-0

[Event "SR 4. liga A21 2012/2013"]
[Site "?"]
[Date "2012.11.25"]
[Round "4.1"]
[White "Slaby, Jozef"]
[Black "Kovarik, Oto"]
[Result "0-1"]
[WhiteElo "1890"]
[BlackElo "1979"]
[PlyCount "83"]
[EventDate "2012.??.??"]

1. d4 d5 2. c4 e6 3. e3 Nf6 4. Nf3 Be7 5. Bd3 dxc4 6. Bxc4 O-O 7. O-O a6 8.
Nbd2 b5 9. Be2 Bb7 10. b3 c5 11. Bb2 Nbd7 12. Rc1 Rc8 13. h3 Qa5 14. a4 bxa4
15. bxa4 Bc6 16. Ra1 Bd5 17. dxc5 Nxc5 18. Nd4 Nfe4 19. Nxe4 Nxe4 20. Nf3 Rfd8
21. Bd4 f6 22. Qb1 Rb8 23. Qd3 e5 24. Nxe5 fxe5 25. Bxe5 Nc5 26. Qf5 Be6 27.
Qf4 Rb7 28. Qg3 Bf8 29. Bf3 Rf7 30. Qh4 Nb3 31. Rad1 Rxd1 32. Rxd1 Qxe5 33. Rd8
Qf6 34. Qxf6 Rxf6 35. Ra8 Nc5 36. Be2 Bd5 37. Rd8 Rd6 38. Re8 Nxa4 39. f3 Nc3
40. Bf1 g6 41. e4 Bf7 42. Ra8 0-1

[Event "SR 4. liga A21 2012/2013"]
[Site "?"]
[Date "2012.11.25"]
[Round "4.2"]
[White "Bango, Dominik"]
[Black "Tomasovic, Roman"]
[Result "1/2-1/2"]
[WhiteElo "1340"]
[BlackElo "1277"]
[PlyCount "128"]
[EventDate "2012.??.??"]

1. e4 e5 2. Nf3 Nc6 3. Bc4 Bc5 4. O-O Nf6 5. Nc3 Na5 6. Be2 O-O 7. d3 Nc6 8.
Bg5 Be7 9. h3 h6 10. Bh4 Nh5 11. Bxe7 Qxe7 12. Nxe5 Qxe5 13. Bxh5 Nd4 14. Ne2
Nxc2 15. Qxc2 Qxh5 16. Ng3 Qe5 17. Rad1 c6 18. d4 Qe8 19. Nf5 Qe6 20. a3 d5 21.
Ng3 Qg6 22. Rfe1 Be6 23. Qd3 Rad8 24. e5 Qxd3 25. Rxd3 a6 26. Rb3 Rd7 27. f4 g6
28. Rf3 f5 29. b4 h5 30. Nf1 Ra8 31. Nd2 a5 32. Nb3 axb4 33. Nc5 Re7 34. axb4
b6 35. Nxe6 Rxe6 36. Rb1 b5 37. Rc3 Kf7 38. h4 Ke7 39. Kh2 Kd7 40. Kg3 Ree8 41.
Rbc1 Rec8 42. Kf3 Ra6 43. Ke3 Ke6 44. Kf2 Rc7 45. Kg1 Rc8 46. Kh2 Rc7 47. Rc5
Kd7 48. Rb1 Ke6 49. Rcc1 Rca7 50. Rc3 Rc7 51. Rg3 Rg7 52. Rbb3 Ra8 53. Ra3 Rxa3
54. Rxa3 Rc7 55. Ra8 Kf7 56. g3 Ke6 57. Rf8 Rg7 58. Rf6+ Kd7 59. Rd6+ Kc7 60.
Kg2 Rg8 61. Rf6 Kd7 62. Rf7+ Kd8 63. e6 Re8 64. Rd7+ Kc8 1/2-1/2

[Event "SR 4. liga A21 2012/2013"]
[Site "?"]
[Date "2012.11.25"]
[Round "4.2"]
[White "Jablonicky, Martin"]
[Black "Celustkova, Lubica"]
[Result "1-0"]
[WhiteElo "1827"]
[BlackElo "1611"]
[PlyCount "135"]
[EventDate "2012.??.??"]

1. e4 e5 2. Nf3 Nc6 3. Bb5 a6 4. Ba4 Nf6 5. O-O b5 6. Bb3 d6 7. Re1 Be7 8. c3
O-O 9. h3 Na5 10. Bc2 c5 11. d4 Qc7 12. b3 Bd7 13. Nbd2 Nb7 14. Nf1 a5 15. Ne3
b4 16. dxe5 dxe5 17. Nc4 Rad8 18. Qe2 Bd6 19. Nxd6 Qxd6 20. Rd1 Qe7 21. cxb4
cxb4 22. Bb2 Qc5 23. Bxe5 Bb5 24. Bd3 Bxd3 25. Rxd3 Qc6 26. Bxf6 Qxf6 27. Rad1
Rxd3 28. Rxd3 Rd8 29. e5 Qe7 30. Qe4 Rxd3 31. Qxd3 Qc7 32. Qb5 Qc8 33. Kh2 h6
34. Nd4 Qd8 35. Nf5 Qg5 36. g4 Qf4+ 37. Kg2 Qe4+ 38. Kg3 Kf8 39. Nd6 Nxd6 40.
exd6 g6 41. d7 Ke7 42. d8=B+ Kxd8 43. Qxa5+ Ke8 44. Qc5 Qh1 45. Qb5+ Kd8 46.
Qb8+ Kd7 47. Qxb4 Qg1+ 48. Kf3 Qd1+ 49. Ke3 Qh1 50. Qd4+ Kc7 51. Qf4+ Kd8 52.
Qf3 Qc1+ 53. Ke4 Qc6+ 54. Ke3 Qc1+ 55. Ke2 Qc2+ 56. Kf1 Qxa2 57. Qxf7 Qb1+ 58.
Kg2 Qe4+ 59. Qf3 Qb4 60. Qd5+ Ke7 61. Qc4 Qb7+ 62. f3 Qd7 63. Qe4+ Kf7 64. b4
Qd2+ 65. Kg3 Qd1 66. Qe3 g5 67. b5 Qd6+ 68. Kg2 1-0

[Event "SR 4. liga A21 2012/2013"]
[Site "?"]
[Date "2012.11.25"]
[Round "4.2"]
[White "Kavon, Rastislav"]
[Black "Nemeckay, Rastislav"]
[Result "1/2-1/2"]
[WhiteElo "1943"]
[BlackElo "1980"]
[PlyCount "50"]
[EventDate "2012.??.??"]

1. e4 e5 2. Nf3 Nf6 3. Nxe5 d6 4. Nf3 Nxe4 5. Nc3 Nxc3 6. dxc3 Nc6 7. Be3 Bg4
8. Be2 Qd7 9. h3 Bh5 10. Qd5 Bg6 11. O-O-O Qe6 12. Bc4 Qxd5 13. Bxd5 O-O-O 14.
Rhe1 f6 15. Rd2 a6 16. Nd4 Nxd4 17. Bxd4 Re8 18. Rde2 Rxe2 19. Rxe2 c6 20. Bf3
Kc7 21. Be3 d5 22. Bf4+ Kd7 23. Bg4+ f5 24. Bf3 Bd6 25. g3 Re8 1/2-1/2

[Event "SR 4. liga A21 2012/2013"]
[Site "?"]
[Date "2012.11.25"]
[Round "4.2"]
[White "Klimes, Karel"]
[Black "Mackovic, Matus"]
[Result "1/2-1/2"]
[WhiteElo "1724"]
[BlackElo "1871"]
[PlyCount "82"]
[EventDate "2012.??.??"]

1. e4 c6 2. d4 d5 3. exd5 cxd5 4. Nf3 Nc6 5. Bd3 Bg4 6. c3 Nf6 7. Bf4 e6 8.
Nbd2 Bd6 9. Bxd6 Qxd6 10. O-O O-O 11. Re1 Rac8 12. Qa4 Qd7 13. Bb5 a6 14. Bxc6
Qxc6 15. Qxc6 Rxc6 16. Ne5 Rc7 17. Nxg4 Nxg4 18. h3 Nf6 19. Nf3 b5 20. a3 Rfc8
21. Ne5 Ne4 22. Re2 a5 23. Nd3 Rc4 24. Ne5 R4c7 25. Nd3 Ra8 26. f3 Nd6 27. Nc5
Nb7 28. Nxb7 Rxb7 29. Rc1 Rc8 30. Rec2 Rbc7 31. Kf2 Kf8 32. Ke2 Ke7 33. Kd3 Kd6
34. b3 f6 35. c4 bxc4+ 36. bxc4 dxc4+ 37. Rxc4 Rxc4 38. Rxc4 Rb8 39. Kc2 Rb5
40. g4 e5 41. a4 Rd5 1/2-1/2

[Event "SR 4. liga A21 2012/2013"]
[Site "?"]
[Date "2012.11.25"]
[Round "4.2"]
[White "Wallner, Juraj"]
[Black "Bango, Lukas"]
[Result "0-1"]
[WhiteElo "1495"]
[BlackElo "1722"]
[PlyCount "40"]
[EventDate "2012.??.??"]

1. e4 c5 2. Nf3 d6 3. Bc4 Nf6 4. Nc3 g6 5. d4 cxd4 6. Nxd4 Bg7 7. Be3 O-O 8.
Qd2 Nc6 9. O-O-O Bd7 10. h3 a6 11. a3 Qc7 12. g4 Nxd4 13. Qxd4 Nxg4 14. Qd3 Ne5
15. Qe2 Qxc4 16. Qxc4 Nxc4 17. Nd5 Bxb2+ 18. Kb1 e6 19. Nf4 Nxe3 20. fxe3 Bxa3
0-1

[Event "SR 4. liga A21 2012/2013"]
[Site "?"]
[Date "2012.11.25"]
[Round "4.3"]
[White "Berger, Patrik"]
[Black "Drahos, Miroslav"]
[Result "1/2-1/2"]
[WhiteElo "1930"]
[BlackElo "1652"]
[PlyCount "71"]
[EventDate "2012.??.??"]

1. e4 e5 2. Nf3 Nc6 3. d4 exd4 4. Nxd4 Nf6 5. Nc3 Nxd4 6. Qxd4 d6 7. Bc4 Be7 8.
Be3 Bd7 9. f3 c5 10. Qd2 a6 11. a4 Qa5 12. O-O O-O 13. Nd5 Qd8 14. Nxf6+ Bxf6
15. Qxd6 Bxb2 16. Rab1 Bd4 17. Bxd4 cxd4 18. Qxd4 Bxa4 19. Bxf7+ Rxf7 20. Qxa4
Rc7 21. Rfd1 Qe7 22. Qb3+ Kh8 23. Qd5 Rac8 24. Qd6 Qf7 25. Qd8+ Qg8 26. Qd5 h6
27. c4 Qf8 28. h3 Qe7 29. Rb6 Rc6 30. Rxc6 Rxc6 31. Rb1 Qc7 32. Rb4 b5 33. cxb5
Rc1+ 34. Kf2 Rc2+ 35. Kf1 Rc1+ 36. Kf2 1/2-1/2

[Event "SR 4. liga A21 2012/2013"]
[Site "?"]
[Date "2012.11.25"]
[Round "4.3"]
[White "Fajnor, Dusan"]
[Black "Harasta, Marian"]
[Result "1/2-1/2"]
[WhiteElo "1000"]
[BlackElo "1624"]
[PlyCount "84"]
[EventDate "2012.??.??"]

1. d4 c6 2. Nf3 e6 3. e4 d5 4. e5 c5 5. c3 Nc6 6. Bb5 cxd4 7. Bxc6+ bxc6 8.
cxd4 Bb4+ 9. Nc3 Ne7 10. O-O c5 11. Be3 Ba6 12. Re1 Bxc3 13. bxc3 O-O 14. Qc2
cxd4 15. Bxd4 Bc4 16. a4 h6 17. Reb1 Nc6 18. Bc5 Re8 19. Bd6 f6 20. Qg6 fxe5
21. Rb7 Qf6 22. Qg3 Rad8 23. Bxe5 Nxe5 24. Nxe5 Re7 25. Rxe7 Qxe7 26. Nc6 Qd6
27. Nxd8 Qxd8 28. Qe5 Qd7 29. h4 a6 30. a5 Qe7 31. h5 Kf7 32. Rb1 Bb5 33. Re1
Bd3 34. Re3 Bf5 35. Rf3 Ke8 36. Rg3 Kf8 37. Qb8+ Kf7 38. Rf3 Qg5 39. Qe5 Qxh5
40. Rg3 Qd1+ 41. Kh2 Qh5+ 42. Kg1 Qd1+ 1/2-1/2

[Event "SR 4. liga A21 2012/2013"]
[Site "?"]
[Date "2012.11.25"]
[Round "4.3"]
[White "Jarabek, Milan"]
[Black "Sottnik, Filip"]
[Result "1-0"]
[WhiteElo "1663"]
[BlackElo "1503"]
[PlyCount "67"]
[EventDate "2012.??.??"]

1. e4 e5 2. Nf3 Nc6 3. Bb5 a6 4. Ba4 Nf6 5. O-O d6 6. Re1 Be7 7. c3 Bg4 8. d3
Qd7 9. Nbd2 O-O-O 10. b4 b5 11. Bb3 d5 12. a4 Nb8 13. axb5 Qxb5 14. c4 dxc4 15.
Bxc4 Qb7 16. Qa4 Bxb4 17. Nxe5 Rhe8 18. Nxf7 Rd7 19. Ng5 h6 20. Ngf3 Bxf3 21.
gxf3 Re5 22. Rb1 a5 23. Ba3 c5 24. Bxb4 cxb4 25. Rec1 Kd8 26. f4 Rh5 27. Nf3
Qb6 28. Ne5 Re7 29. Nf7+ Rxf7 30. Bxf7 Rxh2 31. Qc2 Ng4 32. Qc8+ Ke7 33. Rc7+
Kf6 34. Qd8# 1-0

[Event "SR 4. liga A21 2012/2013"]
[Site "?"]
[Date "2012.11.25"]
[Round "4.3"]
[White "Lackovic, Marek"]
[Black "Brisudova, Veronika"]
[Result "0-1"]
[WhiteElo "1552"]
[BlackElo "1881"]
[PlyCount "96"]
[EventDate "2012.??.??"]

1. e4 c5 2. Nf3 d6 3. d4 cxd4 4. Nxd4 Nf6 5. Nc3 a6 6. f3 e5 7. Nb3 Be6 8. Be3
Be7 9. Qd2 Nbd7 10. g4 b5 11. a3 Rc8 12. Be2 Nb6 13. Na5 O-O 14. h4 d5 15. exd5
Nbxd5 16. Nxd5 Nxd5 17. Bf2 Qc7 18. Bd3 Rfd8 19. O-O Nf4 20. b4 Bc4 21. Rac1
Nxd3 22. cxd3 Rxd3 23. Qxd3 Bxd3 24. Rxc7 Rxc7 25. Rd1 Be2 26. Re1 Bxf3 27. g5
e4 28. Nb3 f5 29. Nd4 Bg4 30. Kg2 Rc3 31. Re3 Rc4 32. Ne6 f4 33. Nxf4 Bd6 34.
Kg3 Bf3 35. Be1 Rc2 36. Bf2 Bxf4+ 37. Kxf4 Rxf2 38. Kg3 Rg2+ 39. Kf4 Rg4+ 40.
Kf5 Rxh4 41. Rc3 g6+ 42. Ke5 Rg4 43. Rc8+ Kf7 44. Rc7+ Ke8 45. Ke6 Kd8 46. Rxh7
e3 47. Kd6 Ke8 48. Rc7 Re4 0-1

[Event "SR 4. liga A21 2012/2013"]
[Site "?"]
[Date "2012.11.25"]
[Round "4.4"]
[White "Bajcar, Pavol"]
[Black "Tomasovic, Martin"]
[Result "1-0"]
[WhiteElo "1635"]
[BlackElo "1479"]
[PlyCount "43"]
[EventDate "2012.??.??"]

1. d4 e6 2. Bf4 d5 3. c3 Nf6 4. Nd2 c5 5. Ngf3 Nc6 6. e3 cxd4 7. exd4 Bd6 8.
Bg3 O-O 9. Bd3 Re8 10. O-O Ne7 11. Qc2 Ng6 12. Rfe1 Qc7 13. Ne5 Nf8 14. Ndf3 h6
15. Nh4 a6 16. f4 N8d7 17. Rf1 Bxe5 18. fxe5 Ng4 19. Qe2 h5 20. Rf3 f6 21. exf6
Ndxf6 22. Bxc7 1-0

[Event "SR 4. liga A21 2012/2013"]
[Site "?"]
[Date "2012.11.25"]
[Round "4.4"]
[White "Bjel, Jan"]
[Black "Bjel, Lubos"]
[Result "1/2-1/2"]
[WhiteElo "1875"]
[BlackElo "1668"]
[PlyCount "40"]
[EventDate "2012.??.??"]

1. e4 e5 2. Nf3 Nc6 3. Bb5 a6 4. Ba4 Nf6 5. O-O b5 6. Bb3 Be7 7. Re1 O-O 8. c3
d6 9. d4 exd4 10. cxd4 Bg4 11. Bg5 h6 12. Bh4 Na5 13. Bc2 c5 14. d5 Re8 15. Qd3
Nc4 16. b3 Nb6 17. Nbd2 Nfd7 18. Bxe7 Qxe7 19. e5 g6 20. exd6 Qxd6 1/2-1/2